Structural Aspects of Building Conservation / (Record no. 3799)
[ view plain ]
| 000 -LEADER | |
|---|---|
| fixed length control field | 01012nac a22002291u 4500 |
| 008 - FIXED-LENGTH DATA ELEMENTS--GENERAL INFORMATION | |
| fixed length control field | 100906t xxu||||| |||| 00| 0 eng d |
| 010 ## - LIBRARY OF CONGRESS CONTROL NUMBER | |
| LC control number | 94021732 |
| 020 ## - INTERNATIONAL STANDARD BOOK NUMBER | |
| International Standard Book Number | 0077079906 |
| 082 00 - DEWEY DECIMAL CLASSIFICATION NUMBER | |
| Classification number | 690.24 |
| Item number | BEC |
| 100 ## - MAIN ENTRY--PERSONAL NAME | |
| Personal name | Beckmann, Poul, |
| 9 (RLIN) | 18239 |
| 245 10 - TITLE STATEMENT | |
| Title | Structural Aspects of Building Conservation / |
| Statement of responsibility, etc | Poul Beckmann. |
| 260 ## - PUBLICATION, DISTRIBUTION, ETC. (IMPRINT) | |
| Place of publication, distribution, etc | New York : |
| Name of publisher, distributor, etc | McGraw-Hill,1995 |
| Date of publication, distribution, etc | c1995. |
| 300 ## - PHYSICAL DESCRIPTION | |
| Extent | xix, 286 p. : |
| Other physical details | ill. ; |
| Dimensions | 24 cm. |
| 490 ## - Series Statement | |
| -- | 18016 |
| Series statement | McGraw-Hill Series in Civil Engineering |
| 504 ## - BIBLIOGRAPHY, ETC. NOTE | |
| Bibliography, etc | Includes bibliographical references (p. 271-275) and index. |
| 650 #0 - SUBJECT ADDED ENTRY--TOPICAL TERM | |
| Topical term or geographic name as entry element | Historic buildings |
| General subdivision | Conservation and restoration. |
| 9 (RLIN) | 18240 |
| 650 #0 - SUBJECT ADDED ENTRY--TOPICAL TERM | |
| Topical term or geographic name as entry element | Historic buildings |
| General subdivision | Maintenance and repair. |
| 9 (RLIN) | 18241 |
| 650 #0 - SUBJECT ADDED ENTRY--TOPICAL TERM | |
| Topical term or geographic name as entry element | Historic buildings |
| General subdivision | Remodeling for other use. |
| 9 (RLIN) | 18242 |
| 650 #0 - SUBJECT ADDED ENTRY--TOPICAL TERM | |
| Topical term or geographic name as entry element | Structural analysis (Engineering) |
| 9 (RLIN) | 18243 |
| 942 ## - ADDED ENTRY ELEMENTS (KOHA) | |
| Item type | Book - Borrowing |
| Call number prefix | 690.24BEC |
| Source of classification or shelving scheme | Dewey Decimal Classification |
| Withdrawn status | Item status | Source of classification or shelving scheme | Damaged status | Not for loan | Home library | Current library | Shelving location | Date acquired | Source of acquisition | Total Checkouts | Full call number | Barcode | Date last seen | Date last borrowed | Koha item type |
|---|---|---|---|---|---|---|---|---|---|---|---|---|---|---|---|
| Dewey Decimal Classification | Central Library | Central Library | First floor | 04/07/2007 | Purchase | 1 | 690.24 BEC | 000030488 | 15/07/2025 | 08/12/2009 | Book - Borrowing |